[Event "V Floripa Chess Open 2019"]
[Site "Florianopolis/SC"]
[Date "2019.01.26"]
[Round "8.65"]
[White "Serafim Junior, Arnor"]
[Black "Nery Junior, Jose Antonio"]
[Result "0-1"]
[WhiteElo "1857"]
[BlackElo "2188"]
[PlyCount "128"]
[EventDate "2019.01.21"]
[EventRounds "10"]
[EventCountry "BRA"]

1. Nf3 Nf6 2. g3 c5 3. Bg2 Nc6 4. d3 g6 5. O-O Bg7 6. e4 O-O 7. Nbd2 d5 8. Re1 dxe4 9. dxe4 Bg4 10. h3 Bd7 11. c3 Qc7 12. Qc2 Ne8 13. Nc4 b5 14. Ne3 Qc8 15. Kh2 Rb8 16. Nd5 e6 17. Ne3 b4 18. Ng4 h5 19. Ne3 bxc3 20. bxc3 Nb4 21. Qd2 Bc6 22. Ba3 Qa6 23. Rab1 Qxa3 24. cxb4 Rxb4 25. Nc2 Qxa2 26. Nxb4 Qxd2 27. Nxd2 cxb4 28. Rec1 Bc3 29. Nb3 Nd6 30. Nc5 Rc8 31. Na6 Bxe4 32. Bxe4 Nxe4 33. Nxb4 Rd8 34. Rc2 Rb8 35. Rbc1 Bxb4 36. Rc8+ Rxc8 37. Rxc8+ Bf8 38. f3 Nc5 39. Ra8 a6 40. g4 hxg4 41. hxg4 g5 42. Kg3 Kg7 43. Kf2 Bd6 44. Ke3 Kf6 45. Kd4 a5 46. Kc4 a4 47. Kb5 Ke5 48. Kc4 Nd7 49. Ra7 Nc5 50. Rxf7 Nb3 51. f4+ gxf4 52. g5 Nd2+ 53. Kd3 Ne4 54. g6 Nf2+ 55. Ke2 Ng4 56. g7 Nh6 57. Rf8 a3 58. g8=Q Nxg8 59. Rxg8 Ke4 60. Re8 f3+ 61. Kf1 Bc5 62. Rc8 Kd5 63. Rd8+ Kc4 64. Re8 a2 0-1

[Event "V Floripa Chess Open 2019"]
[Site "Florianopolis/SC"]
[Date "2019.01.26"]
[Round "8.66"]
[White "Campos, Igor Ribeiro"]
[Black "Farias, Edilsom"]
[Result "1-0"]
[WhiteElo "2174"]
[BlackElo "1892"]
[PlyCount "55"]
[EventDate "2019.01.21"]
[EventRounds "10"]
[EventCountry "BRA"]

1. e4 c6 2. d4 d5 3. e5 c5 4. dxc5 Nc6 5. Bb5 e6 6. Be3 Nge7 7. Nf3 Nf5 8. Qd2 Nxe3 9. Qxe3 Qa5+ 10. Nc3 a6 11. Bxc6+ bxc6 12. O-O Bxc5 13. Qg5 O-O 14. Ne2 h6 15. Qg3 Re8 16. Nf4 Bf8 17. Nh5 Kh8 18. Rad1 c5 19. Rd3 Bd7 20. Ng5 Re7 21. c4 Bc6 22. Qf4 Qc7 23. Rh3 Rd8 24. Re1 dxc4 25. Qxc4 Red7 26. Qc2 g6 27. Nf6 Qxe5 28. Nxf7+ 1-0

[Event "V Floripa Chess Open 2019"]
[Site "Florianopolis/SC"]
[Date "2019.01.26"]
[Round "8.67"]
[White "Januario, Severino Pereira"]
[Black "Silva Junior, Marcelo Valeriano"]
[Result "1-0"]
[WhiteElo "2173"]
[BlackElo "1891"]
[PlyCount "78"]
[EventDate "2019.01.21"]
[EventRounds "10"]
[EventCountry "BRA"]

1. d4 Nf6 2. Nf3 g6 3. g3 Bg7 4. Bg2 O-O 5. O-O d5 6. c4 dxc4 7. Ne5 c6 8. Na3 Be6 9. Naxc4 Nbd7 10. e4 Nxe5 11. Nxe5 Nd7 12. Nxd7 Qxd7 13. Be3 Rad8 14. e5 Bh3 15. Qa4 Bxg2 16. Kxg2 Qd5+ 17. Kg1 a6 18. Rac1 Rd7 19. Rc5 Qf3 20. Qd1 Qxd1 21. Rxd1 Rfd8 22. Rd3 e6 23. Rb3 Bf8 24. Rc4 Be7 25. Kg2 f5 26. h4 Kf8 27. Bg5 Bxg5 28. hxg5 Rc8 29. d5 Ke8 30. Kf3 Rcc7 31. Ke3 Kd8 32. Rbc3 Rxd5 33. Rc1 Kc8 34. b4 Kb8 35. a4 Rf7 36. Rh1 Rd8 37. Rhh4 Rd5 38. Rc1 Kc7 39. Rch1 Rfd7 1-0

[Event "V Floripa Chess Open 2019"]
[Site "Florianopolis/SC"]
[Date "2019.01.26"]
[Round "8.68"]
[White "Trois, Francisco R.T."]
[Black "Crul, Otavio Augusto Barr"]
[Result "1/2-1/2"]
[WhiteElo "2163"]
[BlackElo "1890"]
[PlyCount "102"]
[EventDate "2019.01.21"]
[EventRounds "10"]
[EventCountry "BRA"]

1. c4 Nf6 2. Nf3 e6 3. b3 Be7 4. Bb2 b6 5. Nc3 Bb7 6. e3 O-O 7. Be2 c5 8. O-O Nc6 9. d4 d5 10. cxd5 Nxd5 11. Nxd5 Qxd5 12. dxc5 Bxc5 13. Qxd5 exd5 14. Rfd1 Rfd8 15. Nd4 Nxd4 16. Bxd4 Rac8 17. Bg4 Bxd4 18. Rxd4 Rc2 19. Kf1 g6 20. Ke1 f5 21. Bd1 Rc6 22. Kd2 Rcd6 23. Rc1 Rc8 24. Rxc8+ Bxc8 25. b4 Kf7 26. Bb3 Ke6 27. a4 Bb7 28. h4 Rd7 29. Rd3 Rc7 30. Rc3 Rxc3 31. Kxc3 Ke5 32. Kd3 Bc6 33. g3 h6 34. f3 Bb7 35. f4+ Kd6 36. h5 gxh5 37. Kd4 Bc6 38. b5 Bb7 39. Bd1 h4 40. gxh4 Bc8 41. Bh5 Be6 42. Bg6 Bd7 43. Bf7 Be6 44. Be8 Bg8 45. Bh5 Be6 46. Bg6 Bd7 47. Bh7 Be6 48. Bg6 Bd7 49. Bf7 Be6 50. Be8 Bg8 51. Bg6 Ke6 1/2-1/2

[Event "V Floripa Chess Open 2019"]
[Site "Florianopolis/SC"]
[Date "2019.01.26"]
[Round "8.69"]
[White "Schiavo, Marcelo Da Silva"]
[Black "Almeida, Heidy Jose Moreira "]
[Result "1/2-1/2"]
[WhiteElo "2070"]
[BlackElo "1886"]
[PlyCount "159"]
[EventDate "2019.01.21"]
[EventRounds "10"]
[EventCountry "BRA"]

1. d4 Nf6 2. c4 g6 3. Nc3 d5 4. Bf4 Bg7 5. e3 O-O 6. Nf3 b6 7. Be2 c6 8. h3 dxc4 9. Bxc4 Nd5 10. Be5 Nxc3 11. bxc3 c5 12. Bxg7 Kxg7 13. dxc5 Qc7 14. Qd4+ f6 15. cxb6 axb6 16. Be2 Be6 17. O-O Rd8 18. Qe4 Bd5 19. Qc2 Nc6 20. Rfc1 Na5 21. Nd4 Rdc8 22. Bf3 Qe5 23. Qd1 Rd8 24. Qe2 Bc4 25. Qb2 Rab8 26. Qb4 Qc7 27. h4 e5 28. Nb3 Nb7 29. Rd1 Nd6 30. Nd2 Be6 31. h5 Rdc8 32. Rac1 Bxa2 33. c4 Qc5 34. Qb2 Bxc4 35. hxg6 Kxg6 36. Ne4 Nxe4 37. Bxe4+ f5 38. Bd5 b5 39. Qxe5 Re8 40. Qg3+ Kf6 41. Qh4+ Kg6 42. Bxc4 bxc4 43. Rxc4 Qe7 44. Rc6+ Kg7 45. Qh6+ Kh8 46. Rdc1 Qg7 47. Qh3 Rf8 48. Qh5 Rb7 49. Rc8 Rbf7 50. g3 Qg6 51. Qf3 Kg7 52. Qf4 Rxc8 53. Rxc8 Qf6 54. Qb8 Kg6 55. Rg8+ Rg7 56. Qe8+ Kh6 57. Rf8 Qb6 58. Qe5 Qb1+ 59. Kh2 Rg4 60. Rf6+ Kh5 61. Qd6 Rg6 62. Qe5 Rxf6 63. Qxf6 Qe4 64. Qf7+ Kh6 65. Qc7 Kg6 66. Qd6+ Kf7 67. Qh6 Kg8 68. Qg5+ Kf7 69. Qh4 Kg6 70. Qxe4 fxe4 71. Kh3 Kg5 72. g4 h5 73. gxh5 Kxh5 74. Kg3 Kg5 75. f3 exf3 76. Kxf3 Kf5 77. Kf2 Ke5 78. Ke1 Ke4 79. Kf2 Ke5 80. Kf1 1/2-1/2

[Event "V Floripa Chess Open 2019"]
[Site "Florianopolis/SC"]
[Date "2019.01.26"]
[Round "8.70"]
[White "Dos Santos, Dwlyan Silva"]
[Black "De Oliveira, Gustavo Alfredo Bue"]
[Result "1-0"]
[WhiteElo "1846"]
[BlackElo "2052"]
[PlyCount "65"]
[EventDate "2019.01.21"]
[EventRounds "10"]
[EventCountry "BRA"]

1. e4 c6 2. d4 d5 3. Nc3 dxe4 4. Nxe4 Nf6 5. Nxf6+ exf6 6. c3 Bd6 7. Bd3 O-O 8. Qc2 Re8+ 9. Ne2 g6 10. Be3 Be6 11. h4 Bd5 12. h5 f5 13. hxg6 fxg6 14. O-O-O Qf6 15. Nf4 Bxf4 16. Bxf4 Nd7 17. Rh6 Nb6 18. Rdh1 Re7 19. Qd2 Qe6 20. f3 Bc4 21. Be5 Bxd3 22. Qxd3 Qxa2 23. Rxg6+ hxg6 24. Rh6 Qe6 25. g4 Kf7 26. Qe3 Nc4 27. Qg5 Nxe5 28. gxf5 Nd3+ 29. Kb1 Qxf5 30. Rh7+ Ke6 31. Qxe7+ Kd5 32. Rf7 Qe6 33. c4+ 1-0

[Event "V Floripa Chess Open 2019"]
[Site "Florianopolis/SC"]
[Date "2019.01.26"]
[Round "8.71"]
[White "Valcarcel, Victor Ignacio Sant"]
[Black "Moreira, Ronaldo Alonso"]
[Result "0-1"]
[WhiteElo "1837"]
[BlackElo "2043"]
[PlyCount "74"]
[EventDate "2019.01.21"]
[EventRounds "10"]
[EventCountry "BRA"]

1. e4 e6 2. Nc3 d5 3. Nf3 Nf6 4. e5 Nfd7 5. d4 a6 6. Bd3 c5 7. dxc5 Bxc5 8. O-O Nc6 9. Bf4 b5 10. a3 b4 11. axb4 Nxb4 12. Ne2 Qb6 13. c3 Nxd3 14. Qxd3 a5 15. Qc2 Ba6 16. Bg3 O-O 17. Ra4 Bc4 18. Raa1 Rfb8 19. Rfb1 Be7 20. Ned4 Nc5 21. Ne1 a4 22. h4 Ra7 23. h5 Ra6 24. Bf4 Rba8 25. Qd1 Qd8 26. Qg4 Kh8 27. Rd1 Rb8 28. Rd2 Rab6 29. f3 Qe8 30. Nec2 Rxb2 31. Nb4 Rxd2 32. Bxd2 Nb3 33. Nxb3 Bxb3 34. h6 gxh6 35. Bxh6 Qg8 36. Qf4 Rc8 37. Qe3 Bc5 0-1

[Event "V Floripa Chess Open 2019"]
[Site "Florianopolis/SC"]
[Date "2019.01.26"]
[Round "8.72"]
[White "Predebon, Eduardo Angonesi"]
[Black "Almeida Junior, Alvaro Alves De"]
[Result "0-1"]
[WhiteElo "1825"]
[BlackElo "2039"]
[PlyCount "112"]
[EventDate "2019.01.21"]
[EventRounds "10"]
[EventCountry "BRA"]

1. e4 c5 2. Ne2 Nf6 3. Nbc3 d5 4. exd5 Nxd5 5. Nxd5 Qxd5 6. Nc3 Qd8 7. Bc4 e6 8. O-O Bd6 9. Qg4 O-O 10. d4 cxd4 11. Nb5 Be5 12. Rd1 Nc6 13. c3 Bf6 14. cxd4 a6 15. Nc3 e5 16. Qg3 Bh4 17. Qd3 Qxd4 18. Be3 Qxd3 19. Rxd3 b5 20. Bb3 Bf5 21. Rd2 Rad8 22. Rad1 Rxd2 23. Rxd2 Rd8 24. Rxd8+ Bxd8 25. Bd5 Nd4 26. Bb7 b4 27. Ne4 a5 28. Bd5 Be6 29. Bxe6 Nxe6 30. Nc5 Bb6 31. Nb7 Bxe3 32. fxe3 a4 33. Kf2 f5 34. a3 bxa3 35. bxa3 Nc7 36. Nc5 Nb5 37. Nxa4 Nxa3 38. Nc5 Kf7 39. Nd7 Nc4 40. Nc5 Ke7 41. Ke2 Kd6 42. Nd3 Kd5 43. Kf2 Nd2 44. Ke2 Nb3 45. Nf2 Nc5 46. Nh3 Ne4 47. Kd3 Nc5+ 48. Ke2 g5 49. Kd2 Ne4+ 50. Kd3 Nf2+ 51. Ke2 Ne4 52. Kd3 Nc5+ 53. Kd2 h6 54. g3 Kc4 55. Ke2 Nd3 56. Kd2 Nb4 0-1

[Event "V Floripa Chess Open 2019"]
[Site "Florianopolis/SC"]
[Date "2019.01.26"]
[Round "8.73"]
[White "Martins, Anderson"]
[Black "Frankental, David"]
[Result "1-0"]
[WhiteElo "2036"]
[BlackElo "1886"]
[PlyCount "109"]
[EventDate "2019.01.21"]
[EventRounds "10"]
[EventCountry "BRA"]

1. d4 d5 2. c4 c6 3. Nf3 e6 4. cxd5 exd5 5. Qc2 Nf6 6. Nc3 Be7 7. Bg5 O-O 8. e3 Nh5 9. Bxe7 Qxe7 10. Bd3 g6 11. O-O-O Bg4 12. Rdg1 Ng7 13. Ne5 Bf5 14. g4 Bxd3 15. Nxd3 Nd7 16. Kb1 f5 17. h4 fxg4 18. Rxg4 Nf6 19. Rg2 Ne4 20. Ne5 Nxc3+ 21. Qxc3 Rf5 22. f4 Rh5 23. Rg5 Rxg5 24. hxg5 Qf8 25. a3 Qf5+ 26. Ka2 Qe4 27. Rh2 Nf5 28. Nd7 Qxe3 29. Nf6+ Kf7 30. Rxh7+ Ke6 31. Qb4 Qd3 32. Nd7 b6 33. Ne5 Qe2 34. Rf7 Qxe5 35. fxe5 Kxf7 36. Qa4 Ne7 37. Qa6 b5 38. Qb7 Rh8 39. Qc7 a6 40. e6+ Kxe6 41. Qe5+ Kd7 42. Qxh8 a5 43. b3 Nf5 44. Qf6 Ne7 45. Kb2 Ke8 46. Kc2 Kd7 47. Kd2 Ke8 48. Ke2 Kd7 49. Kf3 Nf5 50. Kf4 a4 51. bxa4 bxa4 52. Qxg6 Nd6 53. Qg7+ Ke6 54. Qf6+ Kd7 55. g6 1-0

[Event "V Floripa Chess Open 2019"]
[Site "Florianopolis/SC"]
[Date "2019.01.26"]
[Round "8.74"]
[White "Do Nascimento, Christian Almeida"]
[Black "Cardozo, Matheus Santos"]
[Result "1-0"]
[WhiteElo "2029"]
[BlackElo "1869"]
[PlyCount "79"]
[EventDate "2019.01.21"]
[EventRounds "10"]
[EventCountry "BRA"]

1. d4 d5 2. e3 Nf6 3. Bd3 g6 4. f4 Bg7 5. Nf3 O-O 6. Ne5 c5 7. c3 cxd4 8. exd4 Nc6 9. O-O Qb6 10. h3 Ne4 11. Nxc6 bxc6 12. Qc2 Ba6 13. Bxa6 Qxa6 14. Be3 Rab8 15. Nd2 f5 16. Nxe4 dxe4 17. Rfd1 e6 18. Rd2 Rf7 19. b4 Qc4 20. Qb3 Qd5 21. c4 Qd6 22. a3 Rd7 23. Rad1 Rbd8 24. d5 cxd5 25. cxd5 exd5 26. Rxd5 Qxd5 27. Rxd5 Rxd5 28. Bxa7 Kh8 29. b5 Bd4+ 30. Bxd4+ Rxd4 31. b6 Rd1+ 32. Kh2 R1d6 33. a4 Kg7 34. b7 Rb8 35. Qc3+ Kh6 36. Qc7 Rdd8 37. g4 fxg4 38. hxg4 g5 39. Qe7 gxf4 40. Qf6# 1-0

[Event "V Floripa Chess Open 2019"]
[Site "Florianopolis/SC"]
[Date "2019.01.26"]
[Round "8.107"]
[White "Masselli, Eduardo"]
[Black "Gazola, Vanessa Ramos"]
[Result "1/2-1/2"]
[WhiteElo "1700"]
[BlackElo "1982"]
[PlyCount "104"]
[EventDate "2019.01.21"]
[EventRounds "10"]
[EventCountry "BRA"]

1. e4 c5 2. Nf3 Nc6 3. d4 cxd4 4. Nxd4 e5 5. Ne2 Bc5 6. Nbc3 Qb6 7. Be3 Bxe3 8. fxe3 Nf6 9. Qd2 O-O 10. O-O-O Ng4 11. Nd5 Qa5 12. Nec3 Nb4 13. Bc4 b5 14. Nxb5 Nc6 15. Nbc3 Qc5 16. Bb3 Na5 17. h3 Nxb3+ 18. axb3 Nh6 19. g4 Kh8 20. Qf2 Bb7 21. Nf6 d6 22. Nd7 Qa5 23. Nxf8 Rxf8 24. Kb1 Ng8 25. Rxd6 Nf6 26. Rxf6 gxf6 27. Qxf6+ Kg8 28. Rf1 Qb6 29. Qg5+ Qg6 30. Qxe5 f6 31. Qe6+ Kg7 32. Qf5 Qh6 33. g5 Qxg5 34. Qxg5+ fxg5 35. Rxf8 Kxf8 36. Kc1 Bc8 37. Kd2 Bxh3 38. Nd5 Bg2 39. Nf6 h6 40. Ke2 Kf7 41. Kf2 Bh1 42. e5 Ke6 43. c4 Bc6 44. b4 a6 45. Kg3 Kxe5 46. Ng4+ Ke4 47. Nxh6 Kxe3 48. Nf5+ Kd3 49. Nd6 Kc2 50. b5 axb5 51. cxb5 Bxb5 52. Nxb5 Kxb2 1/2-1/2

[Event "V Floripa Chess Open 2019"]
[Site "Florianopolis/SC"]
[Date "2019.01.26"]
[Round "8.108"]
[White "Costa, Pedro Henrique"]
[Black "Faria, Juliano Espezim Soa"]
[Result "1-0"]
[WhiteElo "1978"]
[BlackElo "1723"]
[PlyCount "65"]
[EventDate "2019.01.21"]
[EventRounds "10"]
[EventCountry "BRA"]

1. d4 Nf6 2. c4 g6 3. g3 Bg7 4. Bg2 d5 5. cxd5 Nxd5 6. e4 Nb6 7. Ne2 O-O 8. Nbc3 c6 9. f4 Bg4 10. h3 Bxe2 11. Nxe2 Qd7 12. O-O Na6 13. e5 Rad8 14. Qb3 Nc7 15. Be3 Rfe8 16. Kh2 Qe6 17. Qc2 Qc4 18. Qd2 Nbd5 19. Rfc1 Qb4 20. Qd3 Nxe3 21. Qxe3 Nd5 22. Qd3 Qb6 23. a3 Nc7 24. b4 Rd7 25. Rc4 Red8 26. Rd1 Qa6 27. Qc2 Qxa3 28. b5 Nd5 29. Rd3 Qa5 30. bxc6 bxc6 31. Rc5 Qe1 32. Rd1 Qf2 33. Rf1 1-0

[Event "V Floripa Chess Open 2019"]
[Site "Florianopolis/SC"]
[Date "2019.01.26"]
[Round "8.109"]
[White "Maba, Mateus Dos Passos"]
[Black "Maciel, Diogo Alves"]
[Result "0-1"]
[WhiteElo "1705"]
[BlackElo "1957"]
[PlyCount "27"]
[EventDate "2019.01.21"]
[EventRounds "10"]
[EventCountry "BRA"]

1. e4 e5 2. f4 d5 3. exd5 exf4 4. Nf3 Be7 5. Bc4 Bh4+ 6. g3 Qe7+ 7. Qe2 Bg4 8. gxh4 Bxf3 9. Qxe7+ Nxe7 10. O-O Bxd5 11. Bxd5 Nxd5 12. c4 Nb4 13. Nc3 N8c6 14. Rxf4 0-1

[Event "V Floripa Chess Open 2019"]
[Site "Florianopolis/SC"]
[Date "2019.01.26"]
[Round "8.110"]
[White "Gomes, Marco Tulio Caldeir"]
[Black "Nicolini, Paulo Giovanni De A"]
[Result "0-1"]
[WhiteElo "1678"]
[BlackElo "1951"]
[PlyCount "150"]
[EventDate "2019.01.21"]
[EventRounds "10"]
[EventCountry "BRA"]

1. c4 Nf6 2. Nc3 g6 3. e4 d6 4. g3 Bg7 5. Bg2 O-O 6. Nge2 c5 7. O-O Nc6 8. d3 a6 9. h3 Rb8 10. a4 Bd7 11. Rb1 Ne8 12. Be3 Nc7 13. d4 cxd4 14. Nxd4 Ne6 15. Nde2 Nb4 16. b3 Nc5 17. Qd2 Qc8 18. Kh2 b5 19. axb5 axb5 20. Nd5 Nxd5 21. cxd5 b4 22. Bh6 Bxh6 23. Qxh6 Bb5 24. Qd2 Bxe2 25. Qxe2 Ra8 26. Qd2 Qb8 27. Rfc1 Qb6 28. Rc4 Rfb8 29. f4 Ra3 30. Qc2 Qa7 31. e5 Ra2 32. Rb2 Rxb2 33. Qxb2 Qa3 34. Qc2 Nxb3 35. Rc8+ Rxc8 36. Qxc8+ Kg7 37. Qd7 dxe5 38. fxe5 Qb2 39. Qxe7 Qf2 40. Qxb4 Nd2 41. Qc3 Nf1+ 42. Kh1 Nxg3+ 43. Kh2 Ne2 44. Qa1 Nf4 45. Qf1 Qxf1 46. Bxf1 Nxd5 47. Kg3 g5 48. Bd3 Nf4 49. Bc2 Ne6 50. Kg4 h6 51. Bb3 Nc5 52. Ba2 Nd7 53. Kf5 Nf8 54. Bb3 Ng6 55. Ba2 Nf4 56. Bb3 Ng6 57. Ba2 Nf4 58. Kg4 Nd3 59. Kf5 Nf2 60. h4 gxh4 61. Kf4 Nd3+ 62. Kf5 h3 63. Bd5 h2 64. Bh1 Nf2 65. Bg2 h1=Q 66. Bxh1 Nxh1 67. e6 fxe6+ 68. Kxe6 Kg6 69. Ke5 Kg5 70. Ke4 Kg4 71. Ke3 Kg3 72. Ke2 Kg2 73. Ke3 h5 74. Kf4 h4 75. Kg4 h3 0-1

[Event "V Floripa Chess Open 2019"]
[Site "Florianopolis/SC"]
[Date "2019.01.26"]
[Round "8.111"]
[White "Rodrigues, Nei Jorge"]
[Black "Maciel, Felipe Eduardo Ribe"]
[Result "1/2-1/2"]
[WhiteElo "1949"]
[BlackElo "1688"]
[PlyCount "100"]
[EventDate "2019.01.21"]
[EventRounds "10"]
[EventCountry "BRA"]

1. Nf3 d5 2. c4 c6 3. b3 Nf6 4. Bb2 Nbd7 5. g3 e6 6. Bg2 Be7 7. O-O O-O 8. d3 Rb8 9. Nbd2 c5 10. e3 b6 11. Qc2 Bb7 12. Rad1 Qc7 13. Bc3 e5 14. cxd5 Nxd5 15. Bb2 Nb4 16. Qb1 Nc6 17. Qa1 f5 18. Nc4 Bf6 19. h4 h6 20. d4 exd4 21. exd4 cxd4 22. Nxd4 Nxd4 23. Bxd4 Bxg2 24. Kxg2 Rbd8 25. Qb1 Bxd4 26. Rxd4 Nc5 27. Rxd8 Qxd8 28. Rd1 Qe7 29. Re1 Qf6 30. b4 Ne4 31. Ne3 Nc3 32. Qb3+ Kh8 33. Nd1 Nxd1 34. Rxd1 f4 35. Qf3 fxg3 36. Qxf6 Rxf6 37. fxg3 Rf7 38. Rd4 g6 39. a4 Kg7 40. g4 Rf8 41. Kg3 Rf7 42. Rc4 Rf8 43. Rc7+ Rf7 44. Rxf7+ Kxf7 45. Kf4 Ke6 46. g5 h5 47. Ke4 a6 48. a5 b5 49. Kd4 Kd6 50. Ke4 Ke6 1/2-1/2

[Event "V Floripa Chess Open 2019"]
[Site "Florianopolis/SC"]
[Date "2019.01.26"]
[Round "8.112"]
[White "Hirota Da Silva, Nilton"]
[Black "Bauza Mercere, Eduardo"]
[Result "1-0"]
[WhiteElo "1942"]
[BlackElo "1675"]
[PlyCount "131"]
[EventDate "2019.01.21"]
[EventRounds "10"]
[EventCountry "BRA"]

1. d4 Nf6 2. Bg5 c6 3. Bxf6 exf6 4. c3 d5 5. e3 Bf5 6. Bd3 Bxd3 7. Qxd3 Bd6 8. Nd2 O-O 9. Ngf3 Re8 10. O-O Nd7 11. Rfe1 Nf8 12. Rad1 Qd7 13. h3 Re7 14. c4 dxc4 15. Nxc4 Bb4 16. Re2 Rae8 17. a3 Bd6 18. Nxd6 Qxd6 19. Rc2 g6 20. b4 a6 21. Qc4 Rd7 22. Rcd2 Qd5 23. Qc1 Ne6 24. Rc2 Ng5 25. Nxg5 Qxg5 26. Rc5 f5 27. d5 Red8 28. Rd4 cxd5 29. Qd1 Qf6 30. Rcxd5 Rxd5 31. Rxd5 Rxd5 32. Qxd5 Qa1+ 33. Kh2 Qxa3 34. Qxb7 Qa4 35. Kg3 Qa1 36. Qb8+ Kg7 37. Qd6 f6 38. Qe7+ Kg8 39. Qd8+ Kg7 40. Qd7+ Kg8 41. Qd4 Qxd4 42. exd4 Kf7 43. Kf4 Ke6 44. Ke3 g5 45. Kd3 Kd5 46. g3 g4 47. h4 h5 48. Kc3 f4 49. gxf4 Ke4 50. Kc4 Kf3 51. d5 Kxf2 52. d6 g3 53. d7 g2 54. d8=Q g1=Q 55. Qd4+ Kg2 56. Qxg1+ Kxg1 57. Kd5 Kg2 58. Ke6 Kg3 59. f5 Kxh4 60. Kxf6 Kg3 61. Ke5 h4 62. f6 h3 63. f7 h2 64. f8=Q h1=Q 65. Qf4+ Kh3 66. Qh6+ 1-0

[Event "V Floripa Chess Open 2019"]
[Site "Florianopolis/SC"]
[Date "2019.01.26"]
[Round "8.113"]
[White "Vieira, Rodrigo Chagas"]
[Black "Da Rosa, Henrique Jaze Simoe"]
[Result "1-0"]
[WhiteElo "1892"]
[BlackElo "1675"]
[PlyCount "57"]
[EventDate "2019.01.21"]
[EventRounds "10"]
[EventCountry "BRA"]

1. e4 e5 2. Nf3 Nc6 3. d4 exd4 4. Nxd4 Nf6 5. Nxc6 bxc6 6. Bd3 Bc5 7. Bg5 Be7 8. O-O h6 9. Bh4 O-O 10. Nc3 Re8 11. f4 d5 12. e5 Ng4 13. Bxe7 Qxe7 14. Qf3 Qc5+ 15. Kh1 Ne3 16. Qf2 Qb6 17. Na4 Ng4 18. Qf3 Qd4 19. h3 Ne3 20. Rfe1 Nxg2 21. Qxg2 Qxa4 22. Rg1 g6 23. Bxg6 Bxh3 24. Bxf7+ Kxf7 25. Qg7+ Ke6 26. Rg6+ Kf5 27. Rf6+ Ke4 28. Qg6+ Kd4 29. Qg1+ 1-0

[Event "V Floripa Chess Open 2019"]
[Site "Florianopolis/SC"]
[Date "2019.01.26"]
[Round "8.114"]
[White "Souza Dos Santos, Matheus Garcett"]
[Black "Ponte Junior, Jacinto"]
[Result "1-0"]
[WhiteElo "1891"]
[BlackElo "1645"]
[PlyCount "79"]
[EventDate "2019.01.21"]
[EventRounds "10"]
[EventCountry "BRA"]

1. e4 e5 2. Nf3 Nc6 3. Bb5 a6 4. Ba4 Nf6 5. O-O b5 6. Bb3 Be7 7. Re1 O-O 8. d3 d6 9. c3 Na5 10. Bc2 c5 11. h3 Rb8 12. Nbd2 Nc6 13. Nf1 Re8 14. Ng3 h6 15. Nf5 Bf8 16. Be3 Bxf5 17. exf5 d5 18. g4 d4 19. Bd2 Qd7 20. a4 e4 21. Nh2 exd3 22. Bxd3 c4 23. Bf1 Rxe1 24. Bxe1 d3 25. axb5 axb5 26. Bg2 Nd5 27. Bd2 Bd6 28. Qf3 Rd8 29. Nf1 Bc5 30. Re1 Bf8 31. h4 Na5 32. Re5 Nb6 33. g5 Nb3 34. gxh6 Nxd2 35. Nxd2 Re8 36. Qg3 Rxe5 37. Qxe5 Qe7 38. Qf4 Qe1+ 39. Nf1 Na4 40. hxg7 1-0

[Event "V Floripa Chess Open 2019"]
[Site "Florianopolis/SC"]
[Date "2019.01.26"]
[Round "8.115"]
[White "Belmonte, Adriel"]
[Black "Melo, Danieli De"]
[Result "1-0"]
[WhiteElo "1879"]
[BlackElo "1638"]
[PlyCount "60"]
[EventDate "2019.01.21"]
[EventRounds "10"]
[EventCountry "BRA"]

1. d4 Nf6 2. c4 e5 3. dxe5 Ng4 4. Nf3 Bc5 5. e3 Nc6 6. Be2 Ngxe5 7. Bd2 O-O 8. Bc3 d6 9. Nbd2 Be6 10. a3 a5 11. O-O Ng6 12. Nb3 Bb6 13. Rc1 Qe7 14. Nbd4 Rfd8 15. Nxc6 bxc6 16. Nd4 Qd7 17. Qa4 Bxd4 18. exd4 Nf4 19. Bf3 d5 20. Qd1 dxc4 21. Be4 Bd5 22. f3 Re8 23. Qd2 Ng6 24. Bb1 Re7 25. Bxa5 Rae8 26. Rfe1 Rxe1+ 27. Rxe1 Rxe1+ 28. Qxe1 Nf4 29. Qe3 Qd6 30. Qe8+ Qf8 1-0

[Event "V Floripa Chess Open 2019"]
[Site "Florianopolis/SC"]
[Date "2019.01.26"]
[Round "8.116"]
[White "Setti, Dalmarino"]
[Black "Leon Lopes, Sergio Amadeus"]
[Result "0-1"]
[WhiteElo "1650"]
[BlackElo "1879"]
[PlyCount "86"]
[EventDate "2019.01.21"]
[EventRounds "10"]
[EventCountry "BRA"]

1. d4 Nf6 2. c4 e6 3. Nc3 Bb4 4. a3 Bxc3+ 5. bxc3 c5 6. e3 O-O 7. Bd3 Nc6 8. Ne2 b6 9. O-O Ba6 10. e4 Ne8 11. f4 f5 12. e5 Na5 13. Rf3 Bxc4 14. Rh3 Bxd3 15. Qxd3 d5 16. Be3 Nb3 17. Rf1 c4 18. Qc2 g6 19. Nc1 Na5 20. Na2 Qe7 21. Bc1 Nb3 22. Bb2 Qd7 23. Qe2 Nc7 24. g4 fxg4 25. Qxg4 Rf5 26. Rf2 Raf8 27. Kh1 R8f7 28. Nb4 Ne8 29. Nc2 Ng7 30. Ne3 Rh5 31. Qg2 Rxh3 32. Qxh3 Nh5 33. Qf1 Qe7 34. Ng4 Qh4 35. Qg1 Rxf4 36. Rxf4 Nxf4 37. Nf6+ Kh8 38. a4 Ne2 39. Qg4 Qe1+ 40. Kg2 Nd2 41. Kh3 Ng1+ 42. Kg2 Qf1+ 43. Kg3 Ne2+ 0-1

[Event "V Floripa Chess Open 2019"]
[Site "Florianopolis/SC"]
[Date "2019.01.26"]
[Round "8.117"]
[White "Bracht, Rainer"]
[Black "Frattini, Beatriz Maria"]
[Result "1/2-1/2"]
[WhiteElo "1878"]
[BlackElo "1638"]
[PlyCount "138"]
[EventDate "2019.01.21"]
[EventRounds "10"]
[EventCountry "BRA"]

1. d4 Nf6 2. c4 g6 3. Nc3 d5 4. Bf4 Bg7 5. e3 O-O 6. Nf3 c6 7. Be2 dxc4 8. Bxc4 Nbd7 9. O-O Nh5 10. Bg5 h6 11. Bh4 g5 12. Bg3 Nxg3 13. hxg3 Qb6 14. a3 e5 15. dxe5 Nxe5 16. Nxe5 Bxe5 17. Qc2 Bg7 18. Rad1 Bg4 19. Rd2 Kh8 20. Na4 Qc7 21. Be2 Bxe2 22. Rxe2 Rad8 23. Rd1 Rxd1+ 24. Qxd1 Rd8 25. Rd2 Rxd2 26. Qxd2 b6 27. Nc3 Be5 28. b3 Qd6 29. Qxd6 Bxd6 30. a4 f5 31. Kf1 Kg7 32. Ne2 c5 33. Ke1 Kf6 34. Kd2 Ke5 35. Kd3 a6 36. Nc3 Bf8 37. f4+ Kd6 38. e4 gxf4 39. gxf4 fxe4+ 40. Nxe4+ Ke6 41. g4 Bg7 42. a5 bxa5 43. Nxc5+ Kd5 44. Ne4 Bb2 45. Nc3+ Ke6 46. Nd1 Bf6 47. Ke4 Bd8 48. Ne3 Kf6 49. Nd5+ Ke6 50. Ne3 Be7 51. Nf5 Bf8 52. Nd4+ Kf6 53. Nc6 a4 54. bxa4 Bd6 55. Nd4 Bb8 56. Nf5 Kg6 57. Kf3 h5 58. Nh4+ Kh6 59. g5+ Kg7 60. Ke4 Kf7 61. Kf5 Bc7 62. g6+ Kg7 63. Kg5 Bd6 64. Kxh5 Bxf4 65. Nf5+ Kg8 66. g7 Kf7 67. Kg4 Be5 68. Kf3 Bxg7 69. Nxg7 Kxg7 1/2-1/2

[Event "V Floripa Chess Open 2019"]
[Site "Florianopolis/SC"]
[Date "2019.01.26"]
[Round "8.118"]
[White "Resende, Lucas B. Massucato"]
[Black "De Souza, Paulo H. Pinheiro"]
[Result "1/2-1/2"]
[WhiteElo "1876"]
[BlackElo "1619"]
[PlyCount "98"]
[EventDate "2019.01.21"]
[EventRounds "10"]
[EventCountry "BRA"]

1. d4 Nf6 2. c4 e6 3. Nc3 d5 4. cxd5 exd5 5. Bg5 Be7 6. Qc2 O-O 7. e3 b6 8. Bd3 h6 9. Bh4 Ba6 10. Nge2 c6 11. O-O Ne8 12. Bxe7 Qxe7 13. Bxa6 Nxa6 14. Qa4 Qb7 15. Ng3 Nd6 16. Qd1 Qd7 17. f3 Nc7 18. Qd3 f5 19. e4 f4 20. Nge2 Nc4 21. b3 Ne3 22. Nxf4 Nxf1 23. Ng6 Rfe8 24. Rxf1 dxe4 25. fxe4 Rad8 26. Ne2 Qe6 27. e5 Nd5 28. Qg3 Kh7 29. Nh4 Rf8 30. Qd3+ g6 31. Rc1 Nf4 32. Nxf4 Rxf4 33. Nf3 Kg7 34. Qc4 Qxc4 35. bxc4 Rdxd4 36. Nxd4 Rxd4 37. Kf2 Re4 38. Rd1 Rxe5 39. Rd7+ Kf6 40. Rxa7 Re6 41. Rb7 c5 42. Kf3 Ke5 43. Rd7 g5 44. Rd5+ Kf6 45. g4 Ke7 46. Rd1 Kf6 47. Rb1 Ke7 48. Rb5 Kd7 49. a4 Kc6 1/2-1/2